000 00411nam a22001577a 4500
003 IN-BaIIA
005 20211201142618.0
008 211201b ||||| |||| 00| 0 eng d
022 _a0036-8156
040 _cIIA Library
245 _aScience and Culture
_h[Print Journal]
260 _aKolkata
_b Indian Science News Association
310 _aMonthly
521 _aSubscribed by IIA LIbrary
942 _cBV
_s1
999 _c35904
_d35904